UBT Library

The antimicrobial drugs / (Record no. 47091)

000 -LEADER
fixed length control field 00922cam a22002774a 4500
001 - CONTROL NUMBER
control field 11784541
005 - DATE AND TIME OF LATEST TRANSACTION
control field 20180814044442.0
008 - FIXED-LENGTH DATA ELEMENTS--GENERAL INFORMATION
fixed length control field 990909s2000 nyua b 001|0 eng c
010 ## - LIBRARY OF CONGRESS CONTROL NUMBER
LC control number 99047277
020 ## - INTERNATIONAL STANDARD BOOK NUMBER
International Standard Book Number 0195125282 (cloth : alk. paper)
020 ## - INTERNATIONAL STANDARD BOOK NUMBER
International Standard Book Number 0195125290 (pbk. : alk. paper)
035 ## - SYSTEM CONTROL NUMBER
System control number (DNLM)100895929
040 ## - CATALOGING SOURCE
Original cataloging agency DNLM/DLC
Transcribing agency DLC
Modifying agency DLC
041 ## - LANGUAGE CODE
Language code of text/sound track or separate title eng
042 ## - AUTHENTICATION CODE
Authentication code pcc
060 10 - NATIONAL LIBRARY OF MEDICINE CALL NUMBER
Classification number QV 250
Item number S368a 2000
080 ## - UNIVERSAL DECIMAL CLASSIFICATION NUMBER
Universal Decimal Classification number 616.904
082 00 - DEWEY DECIMAL CLASSIFICATION NUMBER
Classification number 616.904
Edition number 21
100 1# - Rafti
Rafti 3
101 ## - Shkurtesa
Shkurtesa SHM
245 14 - TITLE STATEMENT
Title The antimicrobial drugs /
Statement of responsibility, etc Eric M. Scholar, William B. Pratt.
504 ## - BIBLIOGRAPHY, ETC. NOTE
Bibliography, etc Includes bibliographical references and index.
906 ## - LOCAL DATA ELEMENT F, LDF (RLIN)
a 7
b cbc
c orignew
d 1
e ocip
f 19
g y-gencatlg
942 ## - ADDED ENTRY ELEMENTS (KOHA)
Source of classification or shelving scheme
Item type Books
Holdings
Withdrawn status Lost status Source of classification or shelving scheme Damaged status Not for loan Collection code Permanent location Current location Shelving location Date acquired Total Checkouts Full call number Barcode Date last seen Price effective from Koha item type
          Koleksioni i përgjithshem UBT - Lipjan UBT - Lipjan Koleksioni i përgjithshem 08/14/2018   616.904 002-3011213 08/14/2018 08/14/2018 Books
UBT Library © 2015-2024. All rights reserved University Education for Business and Technology